000 00345 a2200169 4500
001 175412
020 _a85-262-1734-8
040 _cMagnum
100 _aThis, Bernard
240 1 0 _aDe onde venho?
_lpor
245 1 0 _aDe onde venho?
300 _a32
362 0 _a1991
440 1 _aScipione
697 _aCIÊNCIAS NATURAIS
942 _cBK
999 _c175412
_d175412